LEADER 04575nam 2200697 450 001 9910462715803321 005 20200520144314.0 010 $a1-4755-1198-1 010 $a1-4755-1197-3 035 $a(CKB)2670000000332688 035 $a(EBL)1607005 035 $a(SSID)ssj0001176401 035 $a(PQKBManifestationID)11720807 035 $a(PQKBTitleCode)TC0001176401 035 $a(PQKBWorkID)11138183 035 $a(PQKB)11184974 035 $a(MiAaPQ)EBC1607005 035 $a(Au-PeEL)EBL1607005 035 $a(CaPaEBR)ebr10629465 035 $a(OCoLC)811153512 035 $a(EXLCZ)992670000000332688 100 $a20140815h20122012 uy 0 101 0 $aeng 135 $aurcnu|||||||| 181 $ctxt 182 $cc 183 $acr 200 00$aAssessing the cost of financial regulation /$fprepared by Douglas Elliott, Suzanne Salloy, and Andre? Oliveira Santos 210 1$aWashington, District of Columbia :$cInternational Monetary Fund,$d2012. 210 4$dİ2012 215 $a1 online resource (83 p.) 225 1 $aIMF Working Paper, WP/12/233 300 $aDescription based upon print version of record. 311 $a1-4755-1199-X 311 $a1-4755-1083-7 320 $aIncludes bibliographical references. 327 $aCover; Contents; Executive Summary; Introduction; I. Literature Review; II. Qualitative Assessments of the Cost Impact of Regulatory Changes; Tables; 1. Basel III Impact on Credit and GDP Growth; 2. Major Regulatory Initiatives; 3. Impact of Major Regulatory Initiatives on U.S. Financial Institutions; III. Quantitative Analysis of Stand-Alone Reforms; A. Choice of Baseline Scenario; B. Translating Cost Changes to Credit Impacts; C. Estimating Changes to Lending rates; D. Capital Requirements; 4. Pro-forma Basel III Common Equity Tier 1 Capital Ratios by Region, End-2010; Figures 327 $a1. Effect of Basel III Changes on Common Equity Tier 1 Capital Ratios 5. Planned Mitigating Actions by U.S., European, and Japanese Banks; 6. Pro-forma Basel III Common Equity Tier 1 Capital Ratios by Bank Business; 2. Effect of Basel 2.5 and III on Common Equity Tier Capital Ratios; 7. Effects of Higher Capital Levels on Lending Rates; E. Liquidity Requirements; 8. Pro-forma Basel III Liquidity Ratios, End-2010; 9. Estimated Effects of Liquidity Changes on Lending Rates; F. Derivatives Requirements; 10. Effects of Derivatives Reforms on Banks per Year; G. Securitization Requirements 327 $a11. Estimated Effects of Derivatives Changes on Lending RatesH. Taxes and Fees; I. Integrated Effects on Credit Provision; 12. Annual Fees and Taxes on European and U.S. Banks; 13. Estimated Effects of Tax and Fee Changes on Lending Rates; 14. Cumulative Impact of Regulatory Reforms on Lending rates; 3. Effects of Changes in Key Parameter Assumptions on Lending Rates; IV. Uncertainties and Areas for Further Research; V. Conclusion; Appendix I. Supplementary Tables; Appendixes; I. Supplementary Tables; 16. European, Japanese, and U.S. Banks in the Sample 327 $a17. Planned De-Risking Measures, End-2010 Appendix II. Assumptions for the Credit Pricing Equation; II. Assumptions for the Credit Pricing Equation; References 330 $aThis study assesses the overall impact on credit of the financial regulatory reforms in Europe, Japan, and the United States. Long-term cost estimates are provided for Basel III capital and liquidity requirements, derivatives reforms, and higher taxes and fees. Overall, average lending rates in the base case would rise by 18 bps in Europe, 8 bps in Japan, and 28 bps in the United States. These results are similar to the official BIS assessments of Basel III and an OECD analysis, but lower as a result of including expense cuts and reductions in the returns required by investors. As a result, 410 0$aIMF working paper. 606 $aFinancial institutions$xLaw and legislation 606 $aBank capital$xLaw and legislation 606 $aBank loans 608 $aElectronic books. 615 0$aFinancial institutions$xLaw and legislation. 615 0$aBank capital$xLaw and legislation. 615 0$aBank loans. 676 $a346.436082 702 $aSalloy$b Suzanne 702 $aElliott$b Douglas 702 $aSantos$b Andre? Oliveira 712 02$aInternational Monetary Fund. 801 0$bMiAaPQ 801 1$bMiAaPQ 801 2$bMiAaPQ 906 $aBOOK 912 $a9910462715803321 996 $aAssessing the cost of financial regulation$92101405 997 $aUNINA LEADER 03925nam 2200649 450 001 9910480268803321 005 20180327174159.0 010 $a0-8218-8073-X 010 $a0-8218-3775-3 035 $a(CKB)3240000000069936 035 $a(EBL)3113331 035 $a(SSID)ssj0000629374 035 $a(PQKBManifestationID)11433180 035 $a(PQKBTitleCode)TC0000629374 035 $a(PQKBWorkID)10730329 035 $a(PQKB)11762968 035 $a(MiAaPQ)EBC3113331 035 $a(PPN)197107370 035 $a(EXLCZ)993240000000069936 100 $a20060315h20062006 uy| 0 101 0 $aeng 135 $aur|n|---||||| 181 $ctxt 182 $cc 183 $acr 200 10$aMathematical studies on human disease dynamics $eemerging paradigms and challenges : AMS-IMS-SIAM Joint Summer Research Conference on modeling the dynamics of human diseases : emerging paradigms and challenges, July 17-21, 2005, Snowbird, Utah /$fAbba B. Gumel, editor-in-chief ; Carlos Castillo-Chavez, Ronald E. Mickens, Dominic P. Clemence, editors 210 1$aProvidence, Rhode Island :$cAmerican Mathematical Society,$d[2006] 210 4$dİ2006 215 $a1 online resource (406 p.) 225 1 $aContemporary mathematics,$x0271-4132 ;$v410 300 $aDescription based upon print version of record. 320 $aIncludes bibliographical references. 327 $a""Contents""; ""Preface""; ""Prologue""; ""List of Participants""; ""The impact of environmental variation on hantavirus infection in rodents""; ""Preventive treatment of tuberculosis through contact tracing""; ""Optimal vaccination strategies for an influenza-like illness in a heterogeneous population""; ""Mathematical applications associated with the deliberate release of infectious agents""; ""Critical response to post-outbreak vaccination against foot-and-mouth disease""; ""Some promising approaches to tumor-immune modeling"" 327 $a""Impact of prophylactic vaccination against human papillomavirus infection""""Population dynamics of developmental deficits due to an environmental neurotoxicant""; ""Optimal therapy regimens for treatment-resistant mutations of HIV""; ""Cancer modeling: A perspective on what's new and what's next""; ""Understanding a killer: A predictive model for tumor development""; ""Optimal control methods applied to disease models""; ""Infection dynamics on small-world networks""; ""Moving beyond averages: Individual-level variation in disease transmission"" 327 $a""Models for the spread of HIV /AIDS: Trends in Southern Africa""""Epidemic spread in populations at demographic equilibrium""; ""Models for Dengue transmission and control""; ""Seasonality of rotavirus infection with its vaccination""; ""Current research issues in mosquito-borne diseases modeling""; ""The role of transactional sex in spreading HIV in Nigeria"" 410 0$aContemporary mathematics (American Mathematical Society) ;$vv. 410. 606 $aEpidemiology$xMathematical models$vCongresses 606 $aDiseases$xMathematical models$vCongresses 608 $aElectronic books. 615 0$aEpidemiology$xMathematical models 615 0$aDiseases$xMathematical models 676 $a614.401/5118 702 $aGumel$b Abba B.$f1966- 702 $aCastillo-Cha?vez$b Carlos 702 $aMickens$b Ronald E.$f1943- 702 $aClemence$b Dominic P.$f1959- 712 02$aAmerican Mathematical Society, 712 02$aInstitute of Mathematical Statistics, 712 02$aSociety for Industrial and Applied Mathematics, 712 12$aAMS-IMS-SIAM Joint Summer Research Conference on "Modeling the dynamics of human disease: emerging paradigms and challenges" 801 0$bMiAaPQ 801 1$bMiAaPQ 801 2$bMiAaPQ 906 $aBOOK 912 $a9910480268803321 996 $aMathematical studies on human disease dynamics$92260100 997 $aUNINA LEADER 01882nam 2200541 450 001 9910780773703321 005 20230616235541.0 010 $a1-4511-6645-1 035 $a(CKB)2430000000022257 035 $a(SSID)ssj0000352961 035 $a(PQKBManifestationID)11264676 035 $a(PQKBTitleCode)TC0000352961 035 $a(PQKBWorkID)10287010 035 $a(PQKB)11319626 035 $a(MiAaPQ)EBC2032643 035 $a(Au-PeEL)EBL2032643 035 $a(CaPaEBR)ebr10834565 035 $a(OCoLC)908075967 035 $a(EXLCZ)992430000000022257 100 $a20030701h20042004 uy| 0 101 0 $aeng 135 $aurcnu|||||||| 181 $ctxt 182 $cc 183 $acr 200 10$aAicardi's epilepsy in children /$fAlexis Arzimanoglou, Renzo Guerrini, Jean Aicardi 205 $aThird edition. 210 1$aPhiladelphia :$cLippincott Williams & Wilkins,$d[2004] 210 4$dİ2004 215 $a1 online resource (528 pages) $cillustrations 300 $aRev. edition of: Epilepsy in children / Jean Aicardi. 2nd edition c1994. 311 $a0-7817-2698-0 320 $aIncludes bibliographical references and index. 327 $asection I. General aspects -- section II. Major types of epileptic seizures in childhood and corresponding epileptic syndromes -- section III. Epileptic manifestations relative to age, cause, duration and precipitation of seizures. 606 $aEpilepsy in children 615 0$aEpilepsy in children. 676 $a618.92/853 700 $aArzimanoglou$b Arzimanoglou$01466874 701 $aGuerrini$b Renzo$01466875 701 $aAicardi$b Jean$0288085 701 $aAicardi$b Jean$0288085 801 0$bMiAaPQ 801 1$bMiAaPQ 801 2$bMiAaPQ 906 $aBOOK 912 $a9910780773703321 996 $aAicardi's epilepsy in children$93677521 997 $aUNINA